000
00325nam a22001457a 4500
003
OSt
005
20220103142707.0
008
220103b |||||||| |||| 00| 0 eng d
020
_a
9788120301405
040
_c
HU
082
_2
2nd
_a
001.424
100
_a
Gordon
_9
23667
245
_a
System Simulation
942
_2
ddc
_c
BOOKS
_n
0
999
_c
25797
_d
25797